আমার জীবন / (Record no. 39485)
[ view plain ]
| 000 -LEADER | |
|---|---|
| fixed length control field | 01023nam a2200241 a 4500 |
| 001 - CONTROL NUMBER | |
| control field | 39485 |
| 003 - CONTROL NUMBER IDENTIFIER | |
| rucl marc code | BD-RjUL |
| 005 - DATE AND TIME OF LATEST TRANSACTION | |
| control field | 20211209053012.0 |
| 008 - FIXED-LENGTH DATA ELEMENTS--GENERAL INFORMATION | |
| fixed length control field | 160411s2014 bg ||||e |||| 00| 0 ben d |
| 020 ## - INTERNATIONAL STANDARD BOOK NUMBER | |
| International Standard Book Number | 9847000002303 |
| Terms of availability | :Tk.160.00 |
| 035 ## - SYSTEM CONTROL NUMBER | |
| System control number | (BD-RjUL)39598 |
| 040 ## - CATALOGING SOURCE | |
| Original cataloging agency | BD-RjUL |
| Language of cataloging | ben |
| Transcribing agency | BD-RjUL |
| 041 ## - LANGUAGE CODE | |
| Language code of text/sound track or separate title | ben |
| 082 ## - DEWEY DECIMAL CLASSIFICATION NUMBER | |
| Edition number | 23 |
| Classification number | 973.3092 |
| Author mark and year | FRA 2013 |
| 100 ## - MAIN ENTRY--PERSONAL NAME | |
| Personal name | ফ্রাঙ্কলিন, বেঞ্জামিন |
| 9 (RLIN) | 121792 |
| 245 ## - TITLE STATEMENT | |
| Title | আমার জীবন / |
| Statement of responsibility, etc. | বেঞ্জামিন ফ্রাঙ্কলিন, অনুবাদ সুহ্রদ সরকার |
| 260 ## - PUBLICATION, DISTRIBUTION, ETC. (IMPRINT) | |
| Place of publication, distribution, etc. | ঢাকা : |
| Name of publisher, distributor, etc. | জাতীয় সাহিত্য প্রকাশ, |
| Date of publication, distribution, etc. | ২০১৪ |
| 300 ## - PHYSICAL DESCRIPTION | |
| Pagination | ৮০ পৃ. ; |
| Size | ২২ সে.মি. |
| 600 ## - SUBJECT ADDED ENTRY--PERSONAL NAME | |
| Personal name | ফ্রাঙ্কলিন, বেঞ্জামিন |
| Dates associated with a name | ১৭০৬-১৭৯০ |
| Personal name | Franklin, Benjamin, |
| Dates associated with a name | 1706-1790 |
| 700 ## - ADDED ENTRY--PERSONAL NAME | |
| Personal name | সরকার, সুহ্রদ অনুবাদ |
| 942 ## - ADDED ENTRY ELEMENTS (KOHA) | |
| Source of classification or shelving scheme | Dewey Decimal Classification |
| Koha item type | Books |
| Lost status | Source of classification or shelving scheme | Damaged status | Not for loan | Permanent Location | Current Location | Shelving location | Date acquired | Source of acquisition | Cost, normal purchase price | Total Checkouts | Full call number | Date last seen | Copy number | Koha item type | Date checked out |
|---|---|---|---|---|---|---|---|---|---|---|---|---|---|---|---|
| Dewey Decimal Classification | Not For Loan | Central Library, University of Rajshahi | Central Library, University of Rajshahi | Reading Room | 26/04/2014 | Jatiya sahity prakash, Dhaka. | 160.00 | B 973.3092 FRA 2013 | 11/04/2016 | C-1 | Books | ||||
| Dewey Decimal Classification | Central Library, University of Rajshahi | Central Library, University of Rajshahi | 26/04/2014 | Jatiya sahity prakash, Dhaka. | 160.00 | 5 | B 973.3092 FRA 2013 | 14/01/2025 | C-2 | Books | 12/12/2024 | ||||
| Dewey Decimal Classification | Central Library, University of Rajshahi | Central Library, University of Rajshahi | 26/04/2014 | Jatiya sahity prakash, Dhaka. | 160.00 | 4 | B 973.3092 FRA 2013 | 24/03/2019 | C-3 | Books | 19/03/2019 |